Sports Quiz

Random Sports or Soccer Quiz

Superleague Greece Teams 2016-17 Quiz Stats

Quiz not verified by Sporcle

Challenge
Share
Tweet
Embed
Score 0/16 Timer 06:00
0 Plays Today
Club % Correct
Panathinaikos
97.7%
AEK Athens
95.3%
Olympiacos
94.7%
Asteras Tripolis
83.6%
Skoda Xanthi
81.3%
AEL Larissa
80.7%
Panionios Athens
80.1%
Atromitos Athens
79.5%
Club % Correct
Platanias
74.3%
AEP Iraklis Thessaloniki
73.7%
Levadiakos
73.7%
PAOK Thessaloniki
71.3%
PAS Giannina
71.3%
Panetolikos Agrinio
69.6%
AOK Kerkyra
69.6%
Veria
68.4%

You're not logged in!

Compare scores with friends on all Sporcle quizzes.
Sign Up with Email
OR
Log In

You Might Also Like...

Show Comments

Extras

Top Quizzes Today


Score Distribution

Your Account Isn't Verified!

In order to create a playlist on Sporcle, you need to verify the email address you used during registration. Go to your Sporcle Settings to finish the process.

Report this User

Report this user for behavior that violates our Community Guidelines.

Details: